[Event "Aberto Brasil - II Niterói Chess Open "]
[Site "Salão de Convenções do Hot"]
[Date "2022.09.05"]
[Round "7.28"]
[White "De Carvalho, Vitor Augusto Ponci"]
[Black "Nobre, Jailson Altair Barb"]
[Result "1-0"]
[WhiteElo "2058"]
[BlackElo "1648"]
[PlyCount "39"]
[EventDate "2022.09.01"]
[EventRounds "9"]
[EventCountry "BRA"]

1. e4 c5 2. Nf3 e6 3. d3 Nc6 4. g3 d5 5. Qe2 d4 6. e5 Nge7 7. Bg2 Qc7 8. O-O
Bd7 9. a4 Nd5 10. Na3 a6 11. Nc4 Nb6 12. Nfd2 Nd5 13. Bxd5 Nb4 14. Nd6+ Bxd6
15. exd6 Qxd6 16. Bb3 O-O 17. Nc4 Qc7 18. Bf4 Qd8 19. Bd6 Re8 20. Bxc5 1-0

[Event "Aberto Brasil - II Niterói Chess Open "]
[Site "Salão de Convenções do Hot"]
[Date "2022.09.05"]
[Round "7.29"]
[White "Boabaid, Jorge Alberto Duard"]
[Black "Almeida Junior, Alvaro Alves De"]
[Result "0-1"]
[WhiteElo "1780"]
[BlackElo "2044"]
[PlyCount "84"]
[EventDate "2022.09.01"]
[EventRounds "9"]
[EventCountry "BRA"]

1. d4 Nf6 2. Bf4 d5 3. e3 c5 4. c3 Nc6 5. Nd2 Qb6 6. Qc2 g6 7. f3 cxd4 8. exd4
Nh5 9. Be3 e5 10. Nb3 Bg7 11. Qe2 Qc7 12. g4 Nf6 13. dxe5 Qxe5 14. Bc5 Be6 15.
Qxe5 Nxe5 16. Bb5+ Bd7 17. Bxd7+ Nfxd7 18. Ba3 Nc4 19. Ne2 Nde5 20. Kf2 Nd3+
21. Kg3 g5 22. Bc5 Be5+ 23. Kg2 O-O-O 24. Be7 Rdg8 25. h4 gxh4 26. Nbd4 Ne3+
27. Kg1 f5 28. g5 Kd7 29. f4 Kxe7 30. fxe5 Rxg5+ 31. Kh2 Rhg8 32. Rhg1 Rg2+ 33.
Rxg2 Rxg2+ 34. Kh3 Nf2+ 35. Kxh4 Ne4 36. Kh3 Rg6 37. Kh2 Ng4+ 38. Kh3 Ne3 39.
Kh2 Rg4 40. Rh1 Rg2+ 41. Kh3 Nf2+ 42. Kh4 Nxh1 0-1

[Event "Aberto Brasil - II Niterói Chess Open "]
[Site "Salão de Convenções do Hot"]
[Date "2022.09.05"]
[Round "7.30"]
[White "Limp, Eduardo Thelio"]
[Black "De Souza, Felipe Guimaraes"]
[Result "1-0"]
[WhiteElo "2298"]
[BlackElo "1893"]
[PlyCount "97"]
[EventDate "2022.09.01"]
[EventRounds "9"]
[EventCountry "BRA"]

1. e4 c5 2. Nf3 g6 3. d4 cxd4 4. Nxd4 Bg7 5. c4 Nc6 6. Be3 Nf6 7. Nc3 O-O 8.
Be2 b6 9. O-O Bb7 10. Rc1 d6 11. f3 Nxd4 12. Bxd4 Nd7 13. Bxg7 Kxg7 14. Qd4+
Kg8 15. b4 Rc8 16. Rfd1 Re8 17. a3 Qc7 18. Qd2 Qb8 19. Kh1 a6 20. Bf1 Qa8 21.
Re1 Rc7 22. f4 Rec8 23. Bd3 Rd8 24. h3 Nf6 25. Nd5 Bxd5 26. cxd5 Rdc8 27. Rxc7
Rxc7 28. Rc1 Qc8 29. Rxc7 Qxc7 30. Kh2 a5 31. Kg3 axb4 32. axb4 e6 33. dxe6
fxe6 34. Kf3 Kf7 35. g4 h5 36. g5 Nd7 37. Bb5 Nf8 38. Ke3 Ke7 39. Qb2 e5 40. f5
gxf5 41. exf5 d5 42. Kd2 Kd6 43. Qc3 Qb7 44. g6 Nd7 45. Bxd7 Qxd7 46. Qd3 Ke7
47. Qg3 Kf6 48. h4 Qxf5 49. g7 1-0

[Event "Aberto Brasil - II Niterói Chess Open "]
[Site "Salão de Convenções do Hot"]
[Date "2022.09.05"]
[Round "7.31"]
[White "Rego, Vinicius V. De Alme"]
[Black "Souza, Ramon Santana De"]
[Result "0-1"]
[WhiteElo "2269"]
[BlackElo "1876"]
[PlyCount "56"]
[EventDate "2022.09.01"]
[EventRounds "9"]
[EventCountry "BRA"]

1. c4 g6 2. d4 Bg7 3. e4 d6 4. Nc3 e5 5. Nf3 exd4 6. Nxd4 Ne7 7. Be2 Nbc6 8.
Be3 O-O 9. g4 f5 10. gxf5 gxf5 11. Qd2 f4 12. Nxc6 bxc6 13. Bxf4 Rxf4 14. Qxf4
Ng6 15. Qg3 Rb8 16. O-O-O Be5 17. Qg2 Qh4 18. Rd3 Be6 19. Rg3 Kh8 20. Rxg6 Qf4+
21. Kc2 Rxb2+ 22. Kxb2 Qd2+ 23. Ka3 Qxc3+ 24. Ka4 Qc2+ 25. Ka5 Bc3+ 26. Ka6 Qb2
27. Kxa7 Qb6+ 28. Ka8 Bd4 0-1

[Event "Aberto Brasil - II Niterói Chess Open "]
[Site "Salão de Convenções do Hot"]
[Date "2022.09.05"]
[Round "7.32"]
[White "Caldeira, Adriano"]
[Black "Dos Santos, Thiago Lopes Verbic"]
[Result "1-0"]
[WhiteElo "2192"]
[BlackElo "1865"]
[PlyCount "51"]
[EventDate "2022.09.01"]
[EventRounds "9"]
[EventCountry "BRA"]

1. e4 e5 2. Nf3 Nc6 3. Bc4 Bc5 4. b4 Bxb4 5. c3 Bc5 6. d4 exd4 7. O-O d6 8.
cxd4 Bb6 9. d5 Ne5 10. Nxe5 dxe5 11. Bb2 Qf6 12. Kh1 Bd7 13. f4 O-O-O 14. Bxe5
Qg6 15. Nd2 Nf6 16. f5 Qg4 17. Be2 Qg5 18. Bf4 Qh4 19. Rc1 Kb8 20. Qc2 Ka8 21.
Bg3 Qg5 22. Nc4 Rhe8 23. Bf3 Nh5 24. Bxh5 Qxh5 25. d6 Rc8 26. dxc7 1-0

[Event "Aberto Brasil - II Niterói Chess Open "]
[Site "Salão de Convenções do Hot"]
[Date "2022.09.05"]
[Round "7.33"]
[White "Dias, Simao Poscidonio"]
[Black "Borsato, Ana Carolina Teodor"]
[Result "1-0"]
[WhiteElo "2060"]
[BlackElo "1845"]
[PlyCount "69"]
[EventDate "2022.09.01"]
[EventRounds "9"]
[EventCountry "BRA"]

1. e4 e5 2. Nf3 Nc6 3. Bc4 Nf6 4. d3 d5 5. exd5 Nxd5 6. O-O Be7 7. Re1 Bg4 8.
h3 Bh5 9. g4 Bg6 10. Nxe5 Nxe5 11. Rxe5 Nb6 12. Qe2 f6 13. Re3 Nxc4 14. dxc4
Kf7 15. Nc3 Bc5 16. Rf3 Re8 17. Be3 c6 18. Re1 Qc7 19. Na4 Bd6 20. Nc3 Kg8 21.
Qd1 f5 22. c5 Bh2+ 23. Kg2 Rad8 24. Bd2 fxg4 25. hxg4 Be5 26. Rfe3 h6 27. Qe2
Bf6 28. Qc4+ Kh7 29. Rxe8 Bxe8 30. Ne4 Be5 31. Qe6 Bg6 32. Ng5+ hxg5 33. Rh1+
Bh2 34. Bxg5 Be4+ 35. Qxe4+ 1-0

[Event "Aberto Brasil - II Niterói Chess Open "]
[Site "Salão de Convenções do Hot"]
[Date "2022.09.05"]
[Round "7.34"]
[White "Boff, Lucas Strauss"]
[Black "Domingues, Pedro Henrique Da S"]
[Result "1-0"]
[WhiteElo "2043"]
[BlackElo "1841"]
[PlyCount "33"]
[EventDate "2022.09.01"]
[EventRounds "9"]
[EventCountry "BRA"]

1. Nf3 Nf6 2. c4 g6 3. Nc3 Bg7 4. e4 d6 5. d4 O-O 6. Be2 e5 7. d5 Nbd7 8. Bg5
a5 9. Nd2 h6 10. Bh4 Nc5 11. O-O Bd7 12. b3 Qe8 13. Qc2 Kh8 14. a3 b6 15. b4
axb4 16. axb4 Na4 17. Nb5 1-0

[Event "Aberto Brasil - II Niterói Chess Open "]
[Site "Salão de Convenções do Hot"]
[Date "2022.09.05"]
[Round "7.35"]
[White "Rodrigues, Julliano De Araujo"]
[Black "Lopes, Artur Farias"]
[Result "0-1"]
[WhiteElo "1829"]
[BlackElo "2037"]
[PlyCount "88"]
[EventDate "2022.09.01"]
[EventRounds "9"]
[EventCountry "BRA"]

1. e4 c5 2. Nf3 d6 3. d4 cxd4 4. Nxd4 Nf6 5. Nc3 a6 6. h3 e5 7. Nde2 h5 8. g3
Be6 9. Bg2 Nc6 10. a4 Na5 11. O-O Rc8 12. b3 Be7 13. Nd5 Nxd5 14. exd5 Bf5 15.
Ra2 g5 16. c4 Bg6 17. Bd2 b6 18. Bxa5 bxa5 19. Qd2 f5 20. f4 Bf6 21. fxe5 Bxe5
22. Qe3 h4 23. Nf4 Qf6 24. Nxg6 Qxg6 25. Raf2 O-O 26. Qd3 Qg7 27. Rxf5 Bxg3 28.
Rxf8+ Rxf8 29. Rxf8+ Kxf8 30. Qf5+ Ke7 31. Qc2 Qd4+ 32. Kf1 Qa1+ 33. Ke2 Qe1+
34. Kf3 Kd8 35. Kg4 Be5 36. Qd3 Qf2 37. Qf3 Qd2 38. Qf8+ Kc7 39. Qe7+ Kb6 40.
Qd8+ Kc5 41. Qc7+ Kb4 42. Qb6+ Ka3 43. Kf3 Qd1+ 44. Ke4 Qc2+ 0-1

[Event "Aberto Brasil - II Niterói Chess Open "]
[Site "Salão de Convenções do Hot"]
[Date "2022.09.05"]
[Round "7.36"]
[White "Araujo, Renan Aparecido"]
[Black "Jenidarchiche, Douglas Rodrigo"]
[Result "1-0"]
[WhiteElo "2031"]
[BlackElo "1826"]
[PlyCount "117"]
[EventDate "2022.09.01"]
[EventRounds "9"]
[EventCountry "BRA"]

1. e4 e5 2. Nf3 Nc6 3. Bb5 a6 4. Ba4 d6 5. O-O g6 6. c4 Bg7 7. d4 Bd7 8. d5 Nb8
9. Nc3 Ne7 10. Be3 h6 11. b4 O-O 12. c5 f5 13. Bc2 f4 14. Bc1 g5 15. Nd2 g4 16.
Nc4 Rf6 17. a4 Qe8 18. cxd6 cxd6 19. Nb6 Ra7 20. Nxd7 Nxd7 21. Qxg4 b6 22. Bd1
Rc7 23. Bd2 Rg6 24. Qh3 Qd8 25. Be2 Nf8 26. Bxa6 Nh7 27. Kh1 Kh8 28. Nb5 Ng5
29. Qd3 Rd7 30. Rac1 Bf8 31. a5 bxa5 32. bxa5 Qa8 33. Rc7 Rxc7 34. Nxc7 Qa7 35.
Qc4 Nxe4 36. Qxe4 Qxc7 37. Bd3 Qc5 38. Bb4 Qc7 39. a6 Rg7 40. Ra1 Nc8 41. Bd2
Na7 42. g3 Qc5 43. Rf1 Re7 44. Bb4 Qb6 45. gxf4 Qd4 46. fxe5 Qxe4+ 47. Bxe4
Rxe5 48. Bc3 Bg7 49. Bxe5 Bxe5 50. Rb1 Bd4 51. f4 Kg7 52. Rb7+ Kg8 53. Kg2 Kf8
54. Bf5 Kg8 55. Be6+ Kf8 56. Kf3 Bc5 57. Ke4 Bf2 58. f5 Bc5 59. f6 1-0

[Event "Aberto Brasil - II Niterói Chess Open "]
[Site "Salão de Convenções do Hot"]
[Date "2022.09.05"]
[Round "7.37"]
[White "Santos Filho, Tadeu Sousa"]
[Black "Brito, Vicente De Paulo Al"]
[Result "1-0"]
[WhiteElo "2024"]
[BlackElo "1806"]
[PlyCount "91"]
[EventDate "2022.09.01"]
[EventRounds "9"]
[EventCountry "BRA"]

1. e4 e6 2. d3 d5 3. Nd2 Nc6 4. Ngf3 Nf6 5. c3 Bd6 6. h3 O-O 7. Be2 e5 8. a3 b6
9. b4 Bb7 10. O-O Ne7 11. Qc2 Rc8 12. Bb2 Ng6 13. Rfe1 c5 14. Qb1 c4 15. exd5
cxd3 16. Bxd3 Nxd5 17. c4 Ndf4 18. Be4 Qc7 19. Bxb7 Qxb7 20. Qe4 Qxe4 21. Nxe4
Bb8 22. Ned2 Nd3 23. Reb1 Nxb2 24. Rxb2 f5 25. Rc2 e4 26. Ne1 Rfd8 27. c5 bxc5
28. bxc5 Ne5 29. Rb1 Nd3 30. Nb3 Nxe1 31. Rxe1 Rd3 32. Rb1 a5 33. a4 Ba7 34. c6
e3 35. fxe3 Rxe3 36. Kf1 Re4 37. Nd2 Rf4+ 38. Nf3 Rxa4 39. Rb7 Ra1+ 40. Ke2
Re8+ 41. Kd2 Be3+ 42. Kc3 Rc8 43. Kb2 Rd1 44. Rd7 Rb8+ 45. Ka2 Rh1 46. c7 1-0

[Event "Aberto Brasil - II Niterói Chess Open "]
[Site "Salão de Convenções do Hot"]
[Date "2022.09.05"]
[Round "7.38"]
[White "Nunes, Agatha Hurba"]
[Black "Ferreira, Marcone Fiuza"]
[Result "1-0"]
[WhiteElo "1777"]
[BlackElo "1991"]
[PlyCount "111"]
[EventDate "2022.09.01"]
[EventRounds "9"]
[EventCountry "BRA"]

1. d4 Nf6 2. c4 e6 3. Nf3 b6 4. a3 Bb7 5. Nc3 Ne4 6. Bd2 Be7 7. d5 Nxd2 8. Qxd2
d6 9. e4 e5 10. Bd3 Nd7 11. b4 a5 12. O-O O-O 13. Qc2 Bc8 14. Nd2 g6 15. Nb3
Nf6 16. c5 Nh5 17. bxa5 bxc5 18. Bb5 Bd7 19. a4 Bf6 20. a6 Bg7 21. Ne2 f5 22.
f3 Bh6 23. Qd3 Rf7 24. Na5 Qh4 25. g3 Qg5 26. h4 Qf6 27. Bxd7 Rxd7 28. Nc6 g5
29. g4 Nf4 30. Nxf4 gxf4 31. g5 Bxg5 32. hxg5 Qxg5+ 33. Kf2 Rg7 34. Ke2 fxe4
35. Qxe4 Qh4 36. Rh1 Rg2+ 37. Kd3 Rh2 38. Rxh2 Qxh2 39. Qe2 Qh5 40. a7 e4+ 41.
Qxe4 Re8 42. Rg1+ Kh8 43. Qxf4 Qxd5+ 44. Kc3 Qe6 45. Qg5 Qf7 46. Qg7+ Qxg7+ 47.
Rxg7 Kxg7 48. Nb8 Re3+ 49. Kd2 Rxf3 50. a8=Q Rf2+ 51. Ke3 Rf6 52. Qc6 Rf7 53.
a5 Re7+ 54. Kd2 Kf6 55. a6 Re5 56. a7 1-0

[Event "Aberto Brasil - II Niterói Chess Open "]
[Site "Salão de Convenções do Hot"]
[Date "2022.09.05"]
[Round "7.39"]
[White "Souza Dos Santos, Matheus Garcett"]
[Black "Macieira, Flavio Helmold"]
[Result "1-0"]
[WhiteElo "1988"]
[BlackElo "1824"]
[PlyCount "71"]
[EventDate "2022.09.01"]
[EventRounds "9"]
[EventCountry "BRA"]

{[%evp 0,71,16,-4,75,24,24,30,30,22,46,51,55,52,51,55,85,64,64,55,66,66,66,31,
96,23,73,53,256,84,93,49,49,18,18,-29,-29,-33,-33,-26,-44,-57,-46,-123,-112,
-187,-156,-142,-16,-1,-10,-110,-107,-115,-68,-73,-68,-256,-262,-265,-265,-263,
-256,-276,-277,-294,-294,-342,-342,-343,-315,-316,-333,-406]} 1. e4 c6 2. c4 d5
3. cxd5 cxd5 4. exd5 Qxd5 5. Nc3 Qa5 6. Bc4 Nf6 7. Nf3 g6 8. O-O Bg7 9. Re1 e6
10. d4 O-O 11. Ne5 Nbd7 12. Bb3 a6 13. Qe2 b5 14. Qf3 Qc7 15. Bf4 Bb7 16. Nxf7
Qb6 17. Qh3 Rxf7 18. Rxe6 Qxd4 19. Re7 Raf8 20. Bxf7+ Rxf7 21. Be3 Qd6 22. Re6
Qd3 23. Rd1 Qf5 24. Qxf5 gxf5 25. Red6 Bf8 26. R6d2 Ne5 27. Rd8 Nc6 28. R8d5
Nxd5 29. Nxd5 Ne5 30. Nf4 Bc8 31. h4 Rd7 32. Rc1 Bb7 33. Nh5 Kf7 34. Ng3 Kf6
35. Re1 Nd3 36. Re2 {[...] illegible} 1-0

[Event "Aberto Brasil - II Niterói Chess Open "]
[Site "Salão de Convenções do Hot"]
[Date "2022.09.05"]
[Round "7.40"]
[White "Silva, Luiz Renato Marini"]
[Black "Moyses Sobrinho, Elias"]
[Result "0-1"]
[WhiteElo "1965"]
[BlackElo "1801"]
[PlyCount "78"]
[EventDate "2022.09.01"]
[EventRounds "9"]
[EventCountry "BRA"]

{[%evp 0,51,37,26,37,41,41,6,24,24,24,24,19,18,63,52,56,52,52,34,26,39,36,26,
26,33,32,-16,48,-4,15,10,39,-75,-71,-82,-65,-77,-75,-174,-188,-286,-252,-242,
-263,-330,-324,-334,-339,-339,-332,-341,-343,-373]} 1. e4 d5 2. exd5 Nf6 3. c4
c6 4. d4 cxd5 5. Nf3 Nc6 6. Nc3 dxc4 7. Bxc4 e6 8. O-O Be7 9. d5 exd5 10. Nxd5
Nxd5 11. Bxd5 O-O 12. Re1 Bf6 13. h3 h6 14. a4 Bf5 15. Qb3 Qb6 16. Qxb6 axb6
17. Be3 Bxb2 18. Ra2 Bf6 19. Bxb6 Nb4 20. Bc5 Nxd5 21. Bxf8 Kxf8 22. g4 Be6 23.
Ra3 Nf4 24. Ne5 Ra5 25. Rae3 Rxa4 26. Kh2 Bxe5 27. Rxe5 Nd3 28. R5e4 Rxe4 29.
Rxe4 Nxf2 30. Rd4 h5 31. Kg2 Nxh3 32. Kxh3 Bxg4+ 33. Kg3 Be6 34. Kh4 g6 35. Kg5
Ke7 36. Kf4 b5 37. Ke5 f6+ 38. Kf4 g5+ 39. Ke4 h4 {[...] illegible} 0-1

[Event "Aberto Brasil - II Niterói Chess Open "]
[Site "Salão de Convenções do Hot"]
[Date "2022.09.05"]
[Round "7.41"]
[White "De Albuquerque, Ian Telek C."]
[Black "Melo, Igor De Souza"]
[Result "1-0"]
[WhiteElo "1958"]
[BlackElo "1741"]
[PlyCount "127"]
[EventDate "2022.09.01"]
[EventRounds "9"]
[EventCountry "BRA"]

1. e4 c5 2. Nf3 g6 3. d4 cxd4 4. Nxd4 Bg7 5. c4 Nc6 6. Be3 Nf6 7. Nc3 d6 8. Be2
O-O 9. O-O Nxd4 10. Bxd4 Bd7 11. f3 Nh5 12. Be3 Bxc3 13. bxc3 Nf6 14. Qd4 Qc7
15. Bg5 Be6 16. Bxf6 exf6 17. Rfd1 Rfc8 18. Qxf6 Bxc4 19. Bxc4 Qxc4 20. Rxd6
Qxc3 21. Rd8+ Rxd8 22. Qxc3 Rd7 23. Rc1 Rad8 24. Rc2 b6 25. Kf2 Rd3 26. Qb4
R3d4 27. Qa3 R4d7 28. Qa6 Kf8 29. Rc8 Rxc8 30. Qxc8+ Ke7 31. Ke3 Rd8 32. Qc7+
Rd7 33. Qe5+ Kd8 34. Qh8+ Kc7 35. Qxh7 b5 36. Qg7 a5 37. Qc3+ Kb6 38. h4 b4 39.
Qc4 Rc7 40. Qd4+ Kb5 41. Qd5+ Kb6 42. g4 a4 43. Qd6+ Rc6 44. Qxb4+ Kc7 45. Qxa4
Rc3+ 46. Kf4 g5+ 47. hxg5 Rc5 48. Qa7+ Kd6 49. Qxc5+ Kxc5 50. Kf5 Kd6 51. Kf6
Kd7 52. Kxf7 Kd6 53. g6 Ke5 54. g7 Kf4 55. g8=Q Ke5 56. a4 Kd6 57. a5 Kc7 58.
a6 Kb6 59. Qb8+ Kc5 60. a7 Kd4 61. a8=Q Ke3 62. Qa3+ Kd4 63. Qbd6+ Kc4 64.
Qdc5# 1-0

[Event "Aberto Brasil - II Niterói Chess Open "]
[Site "Salão de Convenções do Hot"]
[Date "2022.09.05"]
[Round "7.42"]
[White "Carvalho Jr, Celestino"]
[Black "Veiga da Silva, Paulo Roberto Costa"]
[Result "1-0"]
[WhiteElo "1938"]
[BlackElo "1800"]
[PlyCount "99"]
[EventDate "2022.09.01"]
[EventRounds "9"]
[EventCountry "BRA"]

1. Nf3 d5 2. d3 Nf6 3. g3 e6 4. Bg2 Be7 5. O-O O-O 6. Nbd2 Nc6 7. e4 dxe4 8.
dxe4 e5 9. h3 Be6 10. Qe2 h6 11. Rd1 Bd6 12. Nc4 Bxc4 13. Qxc4 Qe7 14. Nh4 Qe6
15. Qf1 Rad8 16. Be3 Rfe8 17. c3 Rd7 18. Nf5 Ne7 19. Nxd6 Rxd6 20. Rxd6 Qxd6
21. Rd1 Qe6 22. b3 Nc6 23. Rd5 Qc8 24. Rd2 Rd8 25. Qd1 Rxd2 26. Qxd2 Qd7 27.
Qxd7 Nxd7 28. Bf1 a6 29. Be2 Kf8 30. Kf1 Ke7 31. Ke1 Nd8 32. Kd2 Ne6 33. h4
Ndc5 34. f3 c6 35. Bc4 f6 36. b4 Nd7 37. f4 exf4 38. gxf4 Kd6 39. h5 Ke7 40.
Ke2 Kd6 41. Kf3 Nef8 42. Kg4 Ke7 43. Kf5 Kd6 44. Bb3 Ke7 45. a3 Kd6 46. e5+
fxe5 47. fxe5+ Ke7 48. Bg8 Ke8 49. Bd4 Ke7 50. e6 1-0

[Event "Aberto Brasil - II Niterói Chess Open "]
[Site "Salão de Convenções do Hot"]
[Date "2022.09.05"]
[Round "7.44"]
[White "Medeiros, Thauane Ferreira"]
[Black "Maia, Erick De Figueiredo"]
[Result "1-0"]
[WhiteElo "1905"]
[BlackElo "1722"]
[PlyCount "85"]
[EventDate "2022.09.01"]
[EventRounds "9"]
[EventCountry "BRA"]

1. d4 Nf6 2. Bf4 e6 3. e3 b6 4. Nf3 Bb7 5. Nbd2 Be7 6. Bd3 Nh5 7. Bg3 d6 8. Qe2
Nd7 9. c3 Nxg3 10. hxg3 h6 11. Rd1 c5 12. dxc5 bxc5 13. O-O O-O 14. Rfe1 Qc7
15. e4 Bf6 16. Qe3 a5 17. g4 g5 18. Bc2 Rfd8 19. Nc4 Nb6 20. Nfd2 Nxc4 21. Nxc4
d5 22. e5 Be7 23. Qd3 Kf8 24. Qh7 Ke8 25. Qg8+ Bf8 26. Nd6+ Rxd6 27. exd6 Qxd6
28. Bg6 Bc8 29. Bxf7+ Ke7 30. Qh7 Kd8 31. Qg6 Ra6 32. Re2 d4 33. cxd4 e5 34.
Qxd6+ Rxd6 35. Rxe5 Bg7 36. Rxc5 Bxd4 37. Rd5 Rxd5 38. Bxd5 Bxb2 39. Be6+ Kc7
40. Bxc8 Kxc8 41. Rd6 a4 42. Rxh6 a3 43. Rg6 1-0

[Event "Aberto Brasil - II Niterói Chess Open "]
[Site "Salão de Convenções do Hot"]
[Date "2022.09.05"]
[Round "7.45"]
[White "Santos, Abel Cardoso Dos"]
[Black "Luz, Arthur Nader"]
[Result "0-1"]
[WhiteElo "1826"]
[BlackElo "2199"]
[PlyCount "82"]
[EventDate "2022.09.01"]
[EventRounds "9"]
[EventCountry "BRA"]

1. e4 c5 2. Nf3 d6 3. d4 cxd4 4. Nxd4 Nf6 5. Nc3 g6 6. Be3 Bg7 7. f3 O-O 8. Qd2
Nc6 9. O-O-O d5 10. Nxc6 bxc6 11. Bh6 Bxh6 12. Qxh6 Rb8 13. e5 Nh5 14. Bc4 Qc7
15. g4 Ng7 16. Bb3 Qxe5 17. Rhe1 Qf6 18. Re3 Ne6 19. h4 Qg7 20. Qxg7+ Kxg7 21.
Ne2 Re8 22. c3 Nc5 23. Bc2 e5 24. b4 Nb7 25. Ba4 Bd7 26. Rg1 Nd6 27. Bb3 h6 28.
a3 Bc8 29. Kc2 Ba6 30. Nc1 Bc4 31. Nd3 f6 32. g5 hxg5 33. hxg5 Bxd3+ 34. Rxd3
f5 35. c4 Rbc8 36. Kb2 e4 37. fxe4 fxe4 38. Rdd1 Re5 39. cxd5 cxd5 40. Bxd5 Rf8
41. Rg2 e3 0-1

[Event "Aberto Brasil - II Niterói Chess Open "]
[Site "Salão de Convenções do Hot"]
[Date "2022.09.05"]
[Round "7.46"]
[White "Flores, Clarice Soares Leit"]
[Black "Marcolino, Daniel Mattos"]
[Result "0-1"]
[WhiteElo "1767"]
[BlackElo "2030"]
[PlyCount "116"]
[EventDate "2022.09.01"]
[EventRounds "9"]
[EventCountry "BRA"]

1. d4 Nf6 2. c4 e6 3. Nc3 Bb4 4. f3 O-O 5. a3 Bxc3+ 6. bxc3 c5 7. d5 d6 8. e4
e5 9. Bd3 Ne8 10. Ne2 g6 11. h4 Ng7 12. g4 f5 13. gxf5 gxf5 14. Bg5 Qe8 15. Rg1
Kh8 16. Bh6 Rg8 17. Bxg7+ Rxg7 18. Rxg7 Kxg7 19. exf5 Qh5 20. Kd2 Bxf5 21. Bxf5
Qxf5 22. Qg1+ Kf7 23. Qg3 Nd7 24. Rg1 Rf8 25. Qg4 Ke8 26. Ke3 Nb6 27. Qxf5 Rxf5
28. Rg8+ Kf7 29. Rg4 h5 30. Re4 Kg6 31. f4 Nd7 32. fxe5 Rxe5 33. Nf4+ Kh6 34.
Nd3 Rxe4+ 35. Kxe4 Nb6 36. Kf5 Nxc4 37. Ke6 b5 38. Nf2 a5 39. Ne4 b4 40. cxb4
cxb4 41. axb4 axb4 42. Nxd6 Nxd6 43. Kxd6 b3 44. Kc7 b2 45. d6 b1=Q 46. d7 Qc2+
47. Kb8 Qd3 48. Kc7 Qc4+ 49. Kb8 Qd5 50. Kc7 Qc5+ 51. Kb8 Qd6+ 52. Kc8 Qc6+ 53.
Kd8 Kg6 54. Ke7 Qc7 55. Ke8 Qe5+ 56. Kd8 Kf6 57. Kc8 Qc5+ 58. Kd8 Ke6 0-1

[Event "Aberto Brasil - II Niterói Chess Open "]
[Site "Salão de Convenções do Hot"]
[Date "2022.09.05"]
[Round "7.47"]
[White "Cardoso, Marcio De Lucca"]
[Black "Ramos, Angelo Bil"]
[Result "0-1"]
[WhiteElo "1802"]
[BlackElo "2003"]
[PlyCount "116"]
[EventDate "2022.09.01"]
[EventRounds "9"]
[EventCountry "BRA"]

1. e4 c5 2. Nf3 Nc6 3. d4 cxd4 4. Nxd4 Nf6 5. Nc3 e5 6. Ndb5 d6 7. Nd5 Nxd5 8.
exd5 Nb8 9. c4 Be7 10. Be2 O-O 11. O-O a6 12. Nc3 f5 13. f3 Bg5 14. Bxg5 Qxg5
15. Qc1 Qxc1 16. Raxc1 Nd7 17. b4 b6 18. Kf2 Rb8 19. Ke3 Nf6 20. Rfd1 Re8 21.
g3 Kf8 22. Rd2 g6 23. Rb1 g5 24. Rdb2 f4+ 25. Kf2 Bf5 26. Rg1 fxg3+ 27. hxg3 e4
28. fxe4 Nxe4+ 29. Nxe4 Bxe4 30. Rd1 Re5 31. Bg4 Ke7 32. Kg1 Bg6 33. Re2 Rxe2
34. Bxe2 Rc8 35. Rd4 Kf6 36. Kf2 h5 37. Rd2 Ke5 38. Ke3 h4 39. gxh4 gxh4 40.
Bf1 Bf5 41. Rf2 Rg8 42. Rh2 Rg4 43. Rb2 Re4+ 44. Kf2 Kd4 45. c5 Rf4+ 46. Kg1
bxc5 47. bxc5 Kxc5 48. Bxa6 Kxd5 49. Bb7+ Kc5 50. Rd2 Be6 51. Rc2+ Bc4 52. Rb2
d5 53. a4 Rf3 54. a5 Ra3 55. Rh2 h3 56. a6 Bxa6 57. Bxa6 Rxa6 58. Rxh3 Rf6 0-1

[Event "Aberto Brasil - II Niterói Chess Open "]
[Site "Salão de Convenções do Hot"]
[Date "2022.09.05"]
[Round "7.48"]
[White "Marcolino, Antonio Claudio H."]
[Black "Carneiro, Luis Guilherme Rosa"]
[Result "1/2-1/2"]
[WhiteElo "1996"]
[BlackElo "1789"]
[PlyCount "58"]
[EventDate "2022.09.01"]
[EventRounds "9"]
[EventCountry "BRA"]

1. c4 e6 2. e4 c5 3. Nc3 Nc6 4. g3 g6 5. Bg2 Bg7 6. Nge2 a6 7. d3 Nge7 8. O-O
O-O 9. Be3 d6 10. Qd2 Rb8 11. a4 Nb4 12. Rad1 b6 13. d4 Bb7 14. f4 f5 15. d5
exd5 16. exd5 Bc8 17. Nc1 Bd7 18. b3 b5 19. axb5 axb5 20. Nd3 bxc4 21. bxc4
Nxd3 22. Qxd3 Rb3 23. Bd2 Qa5 24. Qe2 Bxc3 25. Qxe7 Bxd2 26. Qxd7 Be3+ 27. Kh1
Qd8 28. Qa4 Rb4 29. Qc6 Rb6 {(=)} 1/2-1/2

[Event "Aberto Brasil - II Niterói Chess Open "]
[Site "Salão de Convenções do Hot"]
[Date "2022.09.05"]
[Round "7.49"]
[White "Das Chagas, David Ferreira"]
[Black "Fernandes, Marcio Rosa"]
[Result "1-0"]
[WhiteElo "1989"]
[BlackElo "1763"]
[PlyCount "75"]
[EventDate "2022.09.01"]
[EventRounds "9"]
[EventCountry "BRA"]

1. c4 Nf6 2. Nf3 g6 3. g3 c5 4. Bg2 Bg7 5. O-O O-O 6. d4 cxd4 7. Nxd4 Nc6 8.
Nc3 Ng4 9. e3 Nge5 10. b3 Nxd4 11. exd4 Nc6 12. Be3 e6 13. Rc1 Ne7 14. d5 Nf5
15. Bc5 d6 16. Ba3 Qa5 17. Bb2 e5 18. a3 Bd7 19. Ne4 Rac8 20. g4 Nh4 21. Nxd6
Nxg2 22. Nxc8 Nf4 23. Ne7+ Kh8 24. Re1 f6 25. Re3 h5 26. gxh5 gxh5 27. Ng6+ Kg8
28. Nxf4 exf4 29. Re7 Bg4 30. Qd3 Qc5 31. Rce1 Rf7 32. Rxf7 Kxf7 33. Qe4 Bd7
34. Qxf4 Kg6 35. Re3 Kf7 36. b4 Qc8 37. Qd6 Bh3 38. Re7+ 1-0

[Event "Aberto Brasil - II Niterói Chess Open "]
[Site "Salão de Convenções do Hot"]
[Date "2022.09.05"]
[Round "7.50"]
[White "Da Silva, Diogo Viana"]
[Black "Baptista, Andre Kemper"]
[Result "0-1"]
[WhiteElo "1750"]
[BlackElo "1900"]
[PlyCount "122"]
[EventDate "2022.09.01"]
[EventRounds "9"]
[EventCountry "BRA"]

1. d4 Nf6 2. c4 g6 3. Nc3 Bg7 4. Nf3 d6 5. Bg5 O-O 6. e3 Nbd7 7. Be2 c5 8. Qc2
cxd4 9. Nxd4 Nc5 10. O-O Ne6 11. Bh4 Nxd4 12. exd4 Qb6 13. d5 Qd4 14. Bg3 Bf5
15. Qb3 Nd7 16. Rfd1 Qb6 17. Qxb6 Nxb6 18. Rac1 Rac8 19. b3 Bh6 20. Ra1 Bc2 21.
Rf1 Bd2 22. Nb5 Bf5 23. Nxa7 Ra8 24. Nb5 Bd7 25. a4 Bxb5 26. cxb5 Rfc8 27. Bd3
Rc3 28. Be2 Rxb3 29. Ra2 Bh6 30. a5 Nd7 31. f4 Nc5 32. Bf2 Ne4 33. Bd4 Rb4 34.
a6 bxa6 35. Bb6 Nc3 36. Rc2 Nxe2+ 37. Rxe2 Rxb5 38. Bc7 Bf8 39. f5 Rxd5 40.
fxg6 hxg6 41. Ref2 f5 42. g4 Rc8 43. Bb6 fxg4 44. Rf4 Rf5 45. Rxf5 gxf5 46.
Rxf5 Rc4 47. Kg2 Bg7 48. Ra5 Bd4 49. Bd8 Kf7 50. Rxa6 Ke6 51. Ra2 Be5 52. Re2
Rb4 53. Bc7 Rb2 54. Rxb2 Bxb2 55. h3 gxh3+ 56. Kxh3 Kd5 57. Kg2 Ke4 58. Kf1 Kd3
59. Ke1 d5 60. Kd1 e5 61. Ba5 Bc3 0-1